000 00607nam a2200193Ia 4500
005 20260601193219.0
008 260601s9999||||xx |||||||||||||| ||und||
020 _a978-3-031-47076-9
_qebk
100 _aShandong Wu
245 0 _aApplications of Medical Artificial Intelligence
250 _a1st ed. 2024
260 _aHeidelberg, Germany
_bSpringer Nature
_c2024
440 _aLecture Notes in Computer Science
650 _aComputer Science
700 _aBehrouz Shabestari
700 _aLei Xing
856 _uhttps://link.springer.com/openurl?genre=book&isbn=978-3-031-47076-9
942 _cEB
_2ddc
999 _c55756
_d55756